Los vínculos familiares : (Registro nro. 7823)

Detalles MARC
000 -LIDER
fixed length control field 01520nam a2200313 a 4500
001 - NÚMERO DE CONTROL
Identificador de número de control 000000660
003 - IDENTIFICACDOR DE NÚMERO DE CONTROL
control field DO-SdBNP
005 - DATE AND TIME OF LATEST TRANSACTION
control field 20180320095730.0
007 - CAMPOS FIJOS DE DESCRIPCIÓN FÍSICA
fixed length control field 000000660
008 - ELEMENTOS DE LONGITUD FIJA
fixed length control field 090331s2003 dr ad 000 0 spa d
020 ## - ISBN
International Standard Book Number 9993461636
020 ## - ISBN
International Standard Book Number 9789993461630
040 ## - FUENTE DE CATALOGACIÓN
Agencia que crea de manera original el registro BPMSU
Idioma de catalogación spa
Agencia que realiza la transcripción BPMSU
082 #4 - NÚMERO DE CLASIFICACIÓN DECIMAL DE DEWEY
Classification number 306.87
Item number D919v, 2003
100 1# - ASIENTO PRINCIPAL -- NOMBRE PERSONAL
Nombre personal Dunker L., José,
Fechas asociadas con el nombre 1943-
245 14 - MENCIÓN DE TITULO
Título Los vínculos familiares :
Subtítulo una psicopatología de las relaciones familiares /
Mención de responsabilidad José Dunker L.
250 ## - MENCIÓN DE EDICION
Mención de edición 2a ed.
260 ## - PUBLICACIÓN, DISTRIBUCIÓN, ETC. (PIE DE IMPRENTA)
Lugar de publicación, distribución, etc Santo Domingo :
Nombre del editor, distribuidor, etc. Búho,
Fecha de publicación, distribución, etc 2003.
300 ## - DESCRIPCIÓN FÍSICA
Extensión 147 p. :
Otros detalles físicos il.,
Dimensiones 21 cm.
500 ## - NOTA GENERAL
Nota general Incluye biografía del autor en la solapa
505 0# - NOTA DE CONTENIDO
Título Prólogo --
-- Introducción --
-- Fundamentos para una tipología familiar --
-- Tipos familiares --
-- Teoría de los vínculos --
-- Dinámica de los vínculos --
-- La familia saludable -- .
-- Periodización de la vida humana --
-- Los ciclos de la vida --
-- La ruta crítica personal --
-- Los modos de enfermar: el cuerpo --
-- Los modos de enfermar: la mente --
-- Los modos de enfermar: la conducta --
-- El retrato familiar --
-- Funciones mentales --
-- Esquema mentales --
-- Técnicas y estrategias --
-- Uso de fármacos --
-- Técnicas contra el estrés --
-- Apéndice --
-- Bibliografía.
650 #4 - ENCABEZAMIENTO DE MATERIA--TEMÁTICO
Término temático o nombre geográfico como elemento de entrada RELACIONES FAMILIARES
650 #4 - ENCABEZAMIENTO DE MATERIA--TEMÁTICO
Término temático o nombre geográfico como elemento de entrada FAMILIA
Subdivisión temática general ASPECTOS PSICOLÓGICOS
650 #4 - ENCABEZAMIENTO DE MATERIA--TEMÁTICO
Término temático o nombre geográfico como elemento de entrada PSICOPATOLOGÍA
942 ## - ADDED ENTRY ELEMENTS (KOHA)
Source of classification or shelving scheme Dewey Decimal Classification
Koha item type Libros
945 ## - INFORMACIÓN DE PROCESAMIENTO LOCAL
Información de procesamiento local Remanejado para BNPHU / VM
956 ## - LOCAL ELECTRONIC LOCATION AND ACCESS (OCLC)
Nombre de host TMEREDITH
Número de acceso 10
Información de compresión 20111018
Inicio de sesión BND01
Procesador de solicitud 1047
956 ## - LOCAL ELECTRONIC LOCATION AND ACCESS (OCLC)
Nombre de host VMATEO
Número de acceso 10
Información de compresión 20150508
Inicio de sesión BMET02
Procesador de solicitud 00151
Existencias
Withdrawn status Lost status Source of classification or shelving scheme Damaged status Not for loan Home library Current library Date acquired Total Checkouts Full call number Barcode Date last seen Price effective from Koha item type
    Dewey Decimal Classification     Biblioteca Pública Metropolitana Salomé Ureña Biblioteca Pública Metropolitana Salomé Ureña 05/08/2015   306.87 D919v, 2003 BPMSU15051605 05/08/2015 05/08/2015 Libros